Costs to the winner. (Record no. 60814)

MARC details
000 -LEADER
fixed length control field 00542cam a2200169 4500
001 - CONTROL NUMBER
control field ABS61125
008 - FIXED-LENGTH DATA ELEMENTS--GENERAL INFORMATION
fixed length control field 000000n1999 000 0 eng u
035 ## - SYSTEM CONTROL NUMBER
System control number (Sirsi) u101689
100 ## - MAIN ENTRY--PERSONAL NAME
Personal name Russell, P.
245 ## - TITLE STATEMENT
Title Costs to the winner.
260 ## - PUBLICATION, DISTRIBUTION, ETC.
Date of publication, distribution, etc. 1999
490 ## - SERIES STATEMENT
Series statement IRRV Insight
Volume/sequential designation (12), August 1999, 18(1)
520 ## - SUMMARY, ETC.
Summary, etc. Considers the implications of the Court of Appeal judgment "Stretch v West Dorset DC (No. 2)", where the council's costs were ordered to be paid from public funds.
650 ## - SUBJECT ADDED ENTRY--TOPICAL TERM
Topical term or geographic name entry element COSTS
690 ## - LOCAL SUBJECT ADDED ENTRY--TOPICAL TERM (OCLC, RLIN)
Topical term or geographic name as entry element LAW
942 ## - ADDED ENTRY ELEMENTS (KOHA)
Suppress in OPAC 0
Holdings
Withdrawn status Lost status Source of classification or shelving scheme Damaged status Not for loan Home library Current library Shelving location Date acquired Total Checkouts Full call number Barcode Date last seen Copy number Price effective from Koha item type
    Dewey Decimal Classification     London London Journal article 09/11/1999   ABS61125 101689-1001 06/08/2019 1 06/08/2019 Journal article